Visualizzazione normale
Vista MARC
- Monge Attilio
di Personal Name
Records bibliografici associati: 1
001 - CONTROL NUMBER
- control field: 52482
003 - CONTROL NUMBER IDENTIFIER
- control field: IT-RoPau
005 - DATE AND TIME OF LATEST TRANSACTION
- control field: 20151202222943.0
008 - FIXED-LENGTH DATA ELEMENTS
- fixed length control field: 151202|| aca||aabn | a|a d
040 ## - CATALOGING SOURCE
- Original cataloging agency: IT-RoPau
- Transcribing agency: IT-RoPau
100 ## - HEADING--PERSONAL NAME
- Personal name: Monge Attilio
- Relator term: (regista)
- Miscellaneous information: Codice regista SPICS: 3643
670 ## - SOURCE DATA FOUND
- Source citation: Work cat.: (IT-RoPau)107531: Monge Attilio Codice regista SPICS: 3643 52478, SANTA MESSA E DEDICAZIONE DELL'ALTARE DEL DUOMO DI MILANO SANTA MESSA E DEDICAZIONE DELL'ALTARE DEL DUOMO DI MILANO (Rif. Codice opera principale : 41717)